000 00338nam a2200157Ia 4500
003 OSt
005 20231211070514.0
008 170524s9999 xx 000 0 und d
020 _a81-7648-103-3
040 _ciimt
100 _aSagar Singh
245 0 _aStudies in tourism
260 _bA.P.H. Pub.
260 _c1994
942 _2ddc
_c02
999 _c6760
_d6760